[Event "16th FAJR Open"]
[Site "Urmia IRI"]
[Date "2008.02.05"]
[Round "5"]
[White "Gassanov, A."]
[Black "Pourramezanali, A."]
[Result "1-0"]
[WhiteElo "2358"]
[BlackElo "2108"]
[PlyCount "67"]
[EventDate "2008.02.03"]
[EventType "swiss"]
[EventRounds "11"]
[EventCountry "IRI"]
[Source "Mark Crowther"]
[SourceDate "2008.02.18"]

1. e4 e6 2. d4 d5 3. Nd2 Nf6 4. e5 Nfd7 5. Bd3 c5 6. c3 Nc6 7. Ndf3 cxd4 8.
cxd4 f6 9. exf6 Nxf6 10. Nh3 Bd6 11. O-O O-O 12. Re1 Qc7 13. Nhg5 h6 14. Nxe6
Bxe6 15. Rxe6 Ng4 16. Rg6 Bxh2+ 17. Kf1 h5 18. Rg5 Rf6 19. Rxd5 Nxf2 20. Kxf2
Qg3+ 21. Kf1 Raf8 22. Be4 Qg4 23. Qd3 Nb4 24. Qb3 Nxd5 25. Qxd5+ Kh8 26. Bg5
Re6 27. Re1 h4 28. Bxh4 Rfe8 29. Qf5 Qxf5 30. Bxf5 Rxe1+ 31. Bxe1 Bf4 32. Bc3
Bg3 33. d5 Re3 34. Bd4 1-0

[Event "16th FAJR Open"]
[Site "Urmia IRI"]
[Date "2008.02.05"]
[Round "5"]
[White "Asadi, Sad"]
[Black "Akbarinia, S."]
[Result "0-1"]
[WhiteElo "2098"]
[BlackElo "2300"]
[PlyCount "59"]
[EventDate "2008.02.03"]
[EventType "swiss"]
[EventRounds "11"]
[EventCountry "IRI"]
[Source "Mark Crowther"]
[SourceDate "2008.02.18"]

1. e4 d5 2. Nc3 dxe4 3. Nxe4 Nf6 4. Nxf6+ exf6 5. d4 Bd6 6. Bd3 O-O 7. Ne2 Bg4
8. O-O Nd7 9. c3 c5 10. Qc2 h6 11. f3 Be6 12. Be4 cxd4 13. Nxd4 Nc5 14. Bh7+
Kh8 15. b4 Nd7 16. Nxe6 fxe6 17. f4 Qb6+ 18. Kh1 Rac8 19. Qd3 f5 20. Bg6 Nf6
21. Be3 Qc7 22. Rad1 Rfd8 23. Bd4 Bxf4 24. Qf3 Be5 25. Bxe5 Qxe5 26. Qxb7 Ng4
27. g3 Qe2 28. Rxd8+ Rxd8 29. Qg2 Qxg2+ 30. Kxg2 0-1

[Event "16th FAJR Open"]
[Site "Urmia IRI"]
[Date "2008.02.05"]
[Round "5"]
[White "Doostkam, P."]
[Black "Manafi, H."]
[Result "1-0"]
[WhiteElo "2241"]
[BlackElo "1854"]
[PlyCount "43"]
[EventDate "2008.02.03"]
[EventType "swiss"]
[EventRounds "11"]
[EventCountry "IRI"]
[Source "Mark Crowther"]
[SourceDate "2008.02.18"]

1. d4 d5 2. c4 e6 3. Nc3 Be7 4. Nf3 Nf6 5. cxd5 exd5 6. Bg5 c6 7. Qc2 Nbd7 8.
e3 h6 9. Bf4 O-O 10. h3 Nh5 11. Bh2 Nhf6 12. Bd3 b6 13. O-O Bb7 14. Ne5 Nxe5
15. dxe5 Ne8 16. f4 d4 17. exd4 Qxd4+ 18. Kh1 c5 19. Rad1 Kh8 20. Bb5 a6 21.
Bxe8 Rfxe8 22. Rxd4 1-0

[Event "16th FAJR Open"]
[Site "Urmia IRI"]
[Date "2008.02.05"]
[Round "5"]
[White "Torkamannejad, J."]
[Black "Khaghani, M."]
[Result "0-1"]
[WhiteElo "1953"]
[BlackElo "2270"]
[PlyCount "64"]
[EventDate "2008.02.03"]
[EventType "swiss"]
[EventRounds "11"]
[EventCountry "IRI"]
[Source "Mark Crowther"]
[SourceDate "2008.02.18"]

1. e4 c6 2. d4 d5 3. Nc3 dxe4 4. Nxe4 Bf5 5. Ng3 Bg6 6. h4 h6 7. Nf3 Nd7 8. h5
Bh7 9. Bd3 Bxd3 10. Qxd3 e6 11. Bf4 Qa5+ 12. Bd2 Bb4 13. c3 Be7 14. c4 Qa6 15.
O-O Ngf6 16. a3 O-O 17. Rfe1 Qb6 18. b4 a5 19. Nf5 Bd8 20. Nxh6+ gxh6 21. Bxh6
Nxh5 22. Ne5 Nxe5 23. Rxe5 f5 24. Rxe6 Bf6 25. Qxf5 Qxd4 26. Qxh5 Qxa1+ 27. Kh2
Rf7 28. Qg6+ Bg7 29. Qh5 axb4 30. axb4 Qd4 31. Bxg7 Qf4+ 32. Kh1 Rxg7 0-1

[Event "16th FAJR Open"]
[Site "Urmia IRI"]
[Date "2008.02.05"]
[Round "5"]
[White "Momeni, E."]
[Black "Dalir, A."]
[Result "1-0"]
[WhiteElo "2263"]
[BlackElo "2102"]
[PlyCount "37"]
[EventDate "2008.02.03"]
[EventType "swiss"]
[EventRounds "11"]
[EventCountry "IRI"]
[Source "Mark Crowther"]
[SourceDate "2008.02.18"]

1. d4 Nf6 2. c4 g6 3. Nc3 d5 4. Bg5 Ne4 5. Qc1 Bg7 6. cxd5 Nxc3 7. bxc3 Qxd5 8.
Bh6 O-O 9. h4 Nd7 10. h5 Nf6 11. hxg6 fxg6 12. Bxg7 Kxg7 13. Qh6+ Kg8 14. Nf3
Qa5 15. Rc1 Qa3 16. e4 Bg4 17. Bc4+ Kh8 18. Ne5 Bh5 19. Rxh5 1-0

[Event "16th FAJR Open"]
[Site "Urmia IRI"]
[Date "2008.02.05"]
[Round "5"]
[White "Hosseinzadeh, M."]
[Black "Aliyev, E."]
[Result "1-0"]
[WhiteElo "1983"]
[BlackElo "2223"]
[PlyCount "53"]
[EventDate "2008.02.03"]
[EventType "swiss"]
[EventRounds "11"]
[EventCountry "IRI"]
[Source "Mark Crowther"]
[SourceDate "2008.02.18"]

1. e4 c5 2. Nf3 d6 3. d4 cxd4 4. Nxd4 Nf6 5. Nc3 a6 6. Bg5 e6 7. f4 Be7 8. Qf3
Nbd7 9. O-O-O Qc7 10. g4 O-O 11. Bxf6 Nxf6 12. g5 Nd7 13. Qh5 d5 14. e5 b5 15.
Rd3 g6 16. Qh6 Re8 17. Rh3 Nf8 18. Bd3 Qb6 19. Nf5 exf5 20. Nxd5 Qc6 21. Nf6+
Bxf6 22. gxf6 Qxh1+ 23. Kd2 Qg2+ 24. Ke1 Qg1+ 25. Bf1 Qe3+ 26. Rxe3 Ne6 27. Rh3
1-0

[Event "16th FAJR Open"]
[Site "Urmia IRI"]
[Date "2008.02.06"]
[Round "6"]
[White "Moosavian, S."]
[Black "Grigoryan, Av"]
[Result "1/2-1/2"]
[WhiteElo "2349"]
[BlackElo "2509"]
[PlyCount "119"]
[EventDate "2008.02.03"]
[EventType "swiss"]
[EventRounds "11"]
[EventCountry "IRI"]
[Source "Mark Crowther"]
[SourceDate "2008.02.18"]

1. e4 e6 2. d4 d5 3. Nc3 Bb4 4. e5 Ne7 5. Qg4 c5 6. a3 Qa5 7. Bd2 cxd4 8. Bb5+
Bd7 9. Qxd4 Nbc6 10. Bxc6 Nxc6 11. Qg4 d4 12. Qxg7 O-O-O 13. Ne4 Rhg8 14. Qf6
Bxd2+ 15. Nxd2 Nxe5 16. O-O-O Qc7 17. Kb1 Rxg2 18. Nh3 Ba4 19. Rc1 Bc6 20. Rhe1
Ng4 21. Qh4 Qxh2 22. Nf1 Qc7 23. Re2 Bf3 24. Rd2 f6 25. Ng3 Rh2 26. Rd3 Ne5 27.
Qxf6 Nxd3 28. cxd3 Bc6 29. Ng5 Re8 30. N3e4 Rh5 31. Nxe6 Rxe6 32. Qxe6+ Kb8 33.
Nd6 Qd7 34. Qg8+ Kc7 35. Ne8+ Kb6 36. Nf6 Qf5 37. Nxh5 Qxh5 38. Qd8+ Ka6 39.
Qxd4 Qf3 40. Qc4+ Bb5 41. Qe6+ Ka5 42. Rc3 Qd1+ 43. Ka2 Bc6 44. Qb3 Qh1 45. d4
b6 46. Qb4+ Ka6 47. Qc4+ Bb5 48. Qc8+ Ka5 49. b4+ Ka4 50. Rc1 Qd5+ 51. Ka1
Qxd4+ 52. Qc3 Qxf2 53. Rb1 Qf7 54. Kb2 Qf2+ 55. Ka1 Qf7 56. Qc2+ Kxa3 57. Qc1+
Ka4 58. Qd1+ Ka3 59. Qc1+ Ka4 60. Qc2+ 1/2-1/2

[Event "16th FAJR Open"]
[Site "Urmia IRI"]
[Date "2008.02.06"]
[Round "6"]
[White "Malaniuk, V."]
[Black "Magalashvili, Da"]
[Result "1/2-1/2"]
[WhiteElo "2498"]
[BlackElo "2449"]
[PlyCount "22"]
[EventDate "2008.02.03"]
[EventType "swiss"]
[EventRounds "11"]
[EventCountry "IRI"]
[Source "Mark Crowther"]
[SourceDate "2008.02.18"]

1. d4 d5 2. c4 e6 3. Nc3 Be7 4. Nf3 Nf6 5. cxd5 exd5 6. Bg5 c6 7. e3 Bf5 8. Bd3
Bxd3 9. Qxd3 Nbd7 10. O-O O-O 11. Rab1 a5 1/2-1/2

[Event "16th FAJR Open"]
[Site "Urmia IRI"]
[Date "2008.02.06"]
[Round "6"]
[White "Roghani, A."]
[Black "Bagaturov, G."]
[Result "1-0"]
[WhiteElo "2362"]
[BlackElo "2498"]
[PlyCount "109"]
[EventDate "2008.02.03"]
[EventType "swiss"]
[EventRounds "11"]
[EventCountry "IRI"]
[Source "Mark Crowther"]
[SourceDate "2008.02.18"]

1. Nf3 g6 2. d4 Bg7 3. e4 d6 4. c3 Nf6 5. Qc2 O-O 6. Bg5 Nc6 7. Nbd2 h6 8. Bh4
e5 9. dxe5 dxe5 10. Bc4 Qe8 11. Nf1 Be6 12. Bxe6 Qxe6 13. Ne3 Nh5 14. Nd2 Bf6
15. Bxf6 Nxf6 16. Qb3 Qxb3 17. axb3 Rad8 18. b4 a6 19. f3 Nh5 20. g3 Ng7 21.
Nd5 Ne6 22. Ke2 f5 23. Raf1 Rf7 24. h4 h5 25. Rhg1 Kg7 26. Nb3 Rdf8 27. Nc5
Nxc5 28. bxc5 Nd8 29. Ne3 Ne6 30. b4 a5 31. exf5 gxf5 32. bxa5 Nxc5 33. g4 hxg4
34. fxg4 f4 35. Nf5+ Kh7 36. Kf3 Rd7 37. Rd1 Rfd8 38. Rxd7+ Rxd7 39. g5 Rd3+
40. Kg4 Ne4 41. Rf1 Nd2 42. Re1 Nf3 43. Rb1 Rxc3 44. Rxb7 Kg6 45. Ne7+ Kf7 46.
Nd5 Rd3 47. Rxc7+ Ke6 48. Nb4 Nh2+ 49. Kh5 Rb3 50. a6 f3 51. a7 Ra3 52. g6 f2
53. g7 f1=Q 54. g8=Q+ Kf5 55. Rf7+ 1-0

[Event "16th FAJR Open"]
[Site "Urmia IRI"]
[Date "2008.02.06"]
[Round "6"]
[White "Sulashvili, M."]
[Black "Gassanov, A."]
[Result "1/2-1/2"]
[WhiteElo "2482"]
[BlackElo "2358"]
[PlyCount "88"]
[EventDate "2008.02.03"]
[EventType "swiss"]
[EventRounds "11"]
[EventCountry "IRI"]
[Source "Mark Crowther"]
[SourceDate "2008.02.18"]

1. d4 Nf6 2. Nf3 e6 3. c4 b6 4. e3 Bb7 5. Nc3 d5 6. cxd5 exd5 7. Bb5+ c6 8. Bd3
Nbd7 9. O-O Be7 10. e4 dxe4 11. Nxe4 Nxe4 12. Bxe4 Nf6 13. Bc2 O-O 14. Bg5 Nd5
15. h4 Bxg5 16. Nxg5 g6 17. Re1 Qf6 18. Bb3 Rad8 19. Qg4 Bc8 20. Qe4 Bf5 21.
Qe5 Qxe5 22. dxe5 h6 23. Ne4 Be6 24. Bxd5 Bxd5 25. Nf6+ Kg7 26. f4 Be6 27. Red1
h5 28. Kf2 a5 29. Ke3 a4 30. a3 c5 31. Ne4 Bb3 32. Rd6 Rxd6 33. Nxd6 f6 34. Rc1
fxe5 35. fxe5 g5 36. Nc4 Rf5 37. hxg5 Bxc4 38. Rxc4 Rxe5+ 39. Kf4 Re2 40. Rxa4
Rxg2 41. b4 cxb4 42. Rxb4 Rg4+ 43. Kf5 Rxb4 44. axb4 b5 1/2-1/2

[Event "16th FAJR Open"]
[Site "Urmia IRI"]
[Date "2008.02.06"]
[Round "6"]
[White "Akbarinia, S."]
[Black "Sanikidze, T."]
[Result "1-0"]
[WhiteElo "2300"]
[BlackElo "2461"]
[PlyCount "83"]
[EventDate "2008.02.03"]
[EventType "swiss"]
[EventRounds "11"]
[EventCountry "IRI"]
[Source "Mark Crowther"]
[SourceDate "2008.02.18"]

1. Nf3 Nf6 2. c4 g6 3. d4 Bg7 4. g3 O-O 5. Bg2 c6 6. Nc3 d5 7. Qb3 dxc4 8. Qxc4
Bf5 9. O-O Nbd7 10. e3 Ne4 11. Nh4 Be6 12. Qe2 Nxc3 13. bxc3 Nb6 14. Rd1 Qc7
15. e4 Bc4 16. Qc2 e5 17. Be3 Ba6 18. dxe5 Qxe5 19. Bd4 Qe7 20. f4 Nc4 21. Qf2
b6 22. Bxg7 Kxg7 23. e5 Bb7 24. Qd4 b5 25. Qd7 Rfe8 26. Rd4 Nb6 27. Qg4 Kh8 28.
Rad1 Nd5 29. Bxd5 cxd5 30. Nf3 Bc8 31. f5 Bxf5 32. Qf4 Be4 33. Ng5 Kg7 34. Nxe4
dxe4 35. Rd7 Qe6 36. g4 h5 37. h3 hxg4 38. hxg4 g5 39. Qxg5+ Qg6 40. Rxf7+ Kxf7
41. Rd7+ Ke6 42. Rd6+ 1-0

[Event "16th FAJR Open"]
[Site "Urmia IRI"]
[Date "2008.02.06"]
[Round "6"]
[White "Sharbaf, M."]
[Black "Ahmadinia, E."]
[Result "0-1"]
[WhiteElo "2407"]
[BlackElo "2227"]
[PlyCount "37"]
[EventDate "2008.02.03"]
[EventType "swiss"]
[EventRounds "11"]
[EventCountry "IRI"]
[Source "Mark Crowther"]
[SourceDate "2008.02.18"]

1. e4 d5 2. Nc3 dxe4 3. Nxe4 Qd5 4. Qf3 Bf5 5. Nd6+ Qxd6 6. Qxf5 Nc6 7. Nf3 e6
8. Qb5 O-O-O 9. Be2 a6 10. Qc4 Nd4 11. Nxd4 Qxd4 12. Qxd4 Rxd4 13. c3 Rd7 14.
d4 Nf6 15. b4 Bd6 16. O-O e5 17. Be3 Re7 18. Bf3 e4 19. Bd2 0-1

[Event "16th FAJR Open"]
[Site "Urmia IRI"]
[Date "2008.02.06"]
[Round "6"]
[White "Zeynalov, F."]
[Black "Darban, M."]
[Result "0-1"]
[WhiteElo "2269"]
[BlackElo "2401"]
[PlyCount "118"]
[EventDate "2008.02.03"]
[EventType "swiss"]
[EventRounds "11"]
[EventCountry "IRI"]
[Source "Mark Crowther"]
[SourceDate "2008.02.18"]

1. Nf3 b6 2. d4 Bb7 3. g3 Nf6 4. Bg2 c5 5. c4 cxd4 6. Qxd4 Nc6 7. Qf4 Nb4 8.
Na3 a6 9. O-O e6 10. Rd1 Be7 11. Ne5 Bxg2 12. Kxg2 Qc7 13. Bd2 Nc6 14. Bc3 Bd6
15. Rxd6 Qxd6 16. Qg5 Ne4 17. Qxg7 Rf8 18. Ng4 O-O-O 19. Be5 Nxe5 20. Qxe5 Qxe5
21. Nxe5 Kc7 22. f3 Nc5 23. Rc1 d6 24. Ng4 f5 25. Nf2 Kb7 26. Nh3 e5 27. Rd1
Ne6 28. Nc2 b5 29. cxb5 axb5 30. Nb4 Nc7 31. Nf2 Na6 32. Nd5 Rf7 33. g4 Nc5 34.
gxf5 Rxf5 35. Ng4 h5 36. Nge3 Rf7 37. Nc3 Kc6 38. Ned5 Rb8 39. Nb4+ Kd7 40. b3
Rf4 41. Ncd5 Rf7 42. Nc3 Ne6 43. Ne4 Nd4 44. e3 Rg8+ 45. Kh1 Nxf3 46. Nxd6 Rff8
47. Nxb5+ Ke6 48. Nc7+ Kf5 49. Nbd5 Rf7 50. Nb5 Rg6 51. Nbc3 Rfg7 52. e4+ Ke6
53. Ne2 Rg4 54. Rf1 Rxe4 55. Ng3 Kxd5 56. Rxf3 Re1+ 57. Kg2 h4 58. Kf2 hxg3+
59. Kxe1 gxh2 0-1

[Event "16th FAJR Open"]
[Site "Urmia IRI"]
[Date "2008.02.06"]
[Round "6"]
[White "Mas, H."]
[Black "Noroozi, O."]
[Result "0-1"]
[WhiteElo "2382"]
[BlackElo "2222"]
[PlyCount "48"]
[EventDate "2008.02.03"]
[EventType "swiss"]
[EventRounds "11"]
[EventCountry "IRI"]
[Source "Mark Crowther"]
[SourceDate "2008.02.18"]

1. e4 c5 2. f4 d5 3. exd5 Nf6 4. Bb5+ Bd7 5. Bxd7+ Qxd7 6. c4 e6 7. Qe2 Bd6 8.
d3 O-O 9. dxe6 fxe6 10. Nf3 Nc6 11. O-O Rae8 12. Nc3 e5 13. f5 Nd4 14. Qd1 Nxf5
15. Bg5 Ng4 16. Qd2 Nd4 17. Ne4 Be7 18. h3 Nxf3+ 19. Rxf3 Rxf3 20. gxf3 Qd4+
21. Kh1 Bxg5 22. Qxg5 Qxb2 23. Qxg4 Qxa1+ 24. Kg2 Qxa2+ 0-1

[Event "16th FAJR Open"]
[Site "Urmia IRI"]
[Date "2008.02.06"]
[Round "6"]
[White "Saravanan, V1."]
[Black "Khalesi, V."]
[Result "0-1"]
[WhiteElo "2379"]
[BlackElo "2188"]
[PlyCount "72"]
[EventDate "2008.02.03"]
[EventType "swiss"]
[EventRounds "11"]
[EventCountry "IRI"]
[Source "Mark Crowther"]
[SourceDate "2008.02.18"]

1. Nf3 Nf6 2. c4 e6 3. Nc3 d5 4. d4 Nbd7 5. cxd5 exd5 6. Bf4 c6 7. Qc2 Bb4 8.
e3 O-O 9. Bd3 h6 10. h3 Re8 11. O-O Ba5 12. Rab1 Bc7 13. Bxc7 Qxc7 14. b4 Qd6
15. Rfd1 b6 16. Bf1 Bb7 17. g3 Rab8 18. Bg2 Qe6 19. Rb2 Rec8 20. Qb1 Ba6 21. b5
cxb5 22. Nxb5 Bxb5 23. Rxb5 Ne4 24. Rc1 Nc3 25. Rxc3 Rxc3 26. Ne1 Nf6 27. Nd3
Rbc8 28. Kh2 Qf5 29. Bf1 Ne4 30. g4 Qf6 31. Qe1 Rc2 32. Kg1 Qh4 33. Rxd5 Nxf2
34. Nxf2 Qg3+ 35. Bg2 Rc1 36. Rd8+ Kh7 0-1

[Event "16th FAJR Open"]
[Site "Urmia IRI"]
[Date "2008.02.06"]
[Round "6"]
[White "Beheshtayeen, A."]
[Black "Pantsulaia, L."]
[Result "0-1"]
[WhiteElo "2200"]
[BlackElo "2629"]
[PlyCount "94"]
[EventDate "2008.02.03"]
[EventType "swiss"]
[EventRounds "11"]
[EventCountry "IRI"]
[Source "Mark Crowther"]
[SourceDate "2008.02.18"]

1. d4 Nf6 2. c4 c5 3. d5 e6 4. Nc3 exd5 5. cxd5 d6 6. e4 g6 7. h3 Bg7 8. Nf3
O-O 9. Bd3 a6 10. a4 Nbd7 11. O-O Re8 12. Bf4 Qe7 13. Re1 Nh5 14. Bh2 Qf8 15.
g4 Nhf6 16. Nd2 Ne5 17. Bf1 g5 18. f4 gxf4 19. Bxf4 Nfd7 20. Nc4 Nxc4 21. Bxc4
Ne5 22. Bf1 Rb8 23. Ra3 Qe7 24. Kg2 Bd7 25. Rb3 h5 26. g5 h4 27. a5 Ng6 28. Bc1
Be5 29. Qf3 Qd8 30. Be2 c4 31. Rf1 cxb3 32. Qxf7+ Kh8 33. Qxg6 Re7 34. Bf4 Rg7
35. Qh5+ Rh7 36. Qf3 Qe7 37. Bxe5+ dxe5 38. Qf6+ Qxf6 39. gxf6 Rh6 40. Bg4 Rg6
41. Kh2 Bxg4 42. hxg4 Rf8 43. Kh3 Rgxf6 44. Rf5 Kg7 45. Rg5+ Kf7 46. Rxe5 Rf3+
47. Kxh4 Rxc3 0-1

[Event "16th FAJR Open"]
[Site "Urmia IRI"]
[Date "2008.02.06"]
[Round "6"]
[White "Asgari, M."]
[Black "Allahverdiev, A."]
[Result "1/2-1/2"]
[WhiteElo "2182"]
[BlackElo "2463"]
[PlyCount "46"]
[EventDate "2008.02.03"]
[EventType "swiss"]
[EventRounds "11"]
[EventCountry "IRI"]
[Source "Mark Crowther"]
[SourceDate "2008.02.18"]

1. e4 e5 2. Nf3 Nc6 3. Bb5 a6 4. Ba4 Nf6 5. O-O b5 6. Bb3 Bc5 7. a4 Rb8 8. c3
d6 9. d4 Bb6 10. a5 Ba7 11. Be3 Qe7 12. Bd5 Nxd5 13. exd5 Nd8 14. dxe5 Bxe3 15.
exd6 Qxd6 16. Re1 O-O 17. Rxe3 Ne6 18. Na3 Rd8 19. Rd3 Bb7 20. Rd2 Bxd5 21. Nc2
Qc5 22. Nfd4 Rf8 23. Ne3 Nxd4 1/2-1/2

[Event "16th FAJR Open"]
[Site "Urmia IRI"]
[Date "2008.02.06"]
[Round "6"]
[White "Shamsi, M."]
[Black "Kuparadze, G."]
[Result "1-0"]
[WhiteElo "2145"]
[BlackElo "2407"]
[PlyCount "85"]
[EventDate "2008.02.03"]
[EventType "swiss"]
[EventRounds "11"]
[EventCountry "IRI"]
[Source "Mark Crowther"]
[SourceDate "2008.02.18"]

1. e4 c5 2. Nf3 Nc6 3. Bb5 g6 4. Bxc6 dxc6 5. h3 Bg7 6. Nc3 e5 7. d3 Qc7 8. Be3
b6 9. Qd2 Nf6 10. O-O O-O 11. Nh2 Nh5 12. Ne2 Be6 13. g4 Nf6 14. f4 exf4 15.
Bxf4 Qd7 16. Bh6 Ne8 17. Rae1 Rd8 18. Nf3 c4 19. d4 f6 20. Rd1 Nd6 21. Ng3 Bxh6
22. Qxh6 Qg7 23. Qxg7+ Kxg7 24. c3 Ne8 25. Rf2 Nc7 26. Nh4 Bg8 27. Ng2 b5 28.
Rdf1 a5 29. h4 b4 30. h5 Ne6 31. Kh2 Rf7 32. Ne3 Rff8 33. Nxc4 bxc3 34. bxc3
Nxd4 35. Nxa5 Ra8 36. cxd4 Rxa5 37. e5 Rxa2 38. exf6+ Kh6 39. Kh3 gxh5 40. Nxh5
Rxf2 41. Rxf2 Kg6 42. Kh4 Rd8 43. f7 1-0

[Event "16th FAJR Open"]
[Site "Urmia IRI"]
[Date "2008.02.06"]
[Round "6"]
[White "Khaghani, M."]
[Black "Moghaddamian, A."]
[Result "1-0"]
[WhiteElo "2270"]
[BlackElo "2122"]
[PlyCount "35"]
[EventDate "2008.02.03"]
[EventType "swiss"]
[EventRounds "11"]
[EventCountry "IRI"]
[Source "Mark Crowther"]
[SourceDate "2008.02.18"]

1. c4 f5 2. Nc3 e6 3. e4 fxe4 4. Nxe4 Nf6 5. Bd3 b6 6. Qc2 Bb7 7. Nf3 Nc6 8. a3
Qe7 9. b4 O-O-O 10. O-O d5 11. Neg5 Kb8 12. Re1 Qd7 13. b5 dxc4 14. bxc6 cxd3
15. cxd7 dxc2 16. Nf7 Bxf3 17. Nxd8 Be7 18. Nf7 1-0

[Event "16th FAJR Open"]
[Site "Urmia IRI"]
[Date "2008.02.06"]
[Round "6"]
[White "Soozankar, A."]
[Black "Hosseinzadeh, M."]
[Result "1-0"]
[WhiteElo "2253"]
[BlackElo "1983"]
[PlyCount "65"]
[EventDate "2008.02.03"]
[EventType "swiss"]
[EventRounds "11"]
[EventCountry "IRI"]
[Source "Mark Crowther"]
[SourceDate "2008.02.18"]

1. e4 d5 2. exd5 Qxd5 3. Nc3 Qa5 4. d4 Nf6 5. Nf3 Bg4 6. h3 Bh5 7. g4 Bg6 8.
Ne5 e6 9. Bg2 Be4 10. Bxe4 Nxe4 11. Qf3 Nd6 12. Nxf7 Nxf7 13. Qxb7 Bb4 14. O-O
Bxc3 15. Qxa8 O-O 16. bxc3 Qxc3 17. Be3 Nc6 18. Qb7 Nxd4 19. Qe4 Ng5 20. Bxg5
Nf3+ 21. Kg2 Nxg5 22. Qe3 Qc6+ 23. f3 Qxc2+ 24. Rf2 Qg6 25. Re1 h5 26. h4 Nf7
27. Qxe6 Qd3 28. Qe4 Qb5 29. g5 Nd6 30. Qe6+ Kh7 31. g6+ Kh6 32. Re5 Qd3 33.
Rxh5+ 1-0

[Event "16th FAJR Open"]
[Site "Urmia IRI"]
[Date "2008.02.06"]
[Round "6"]
[White "Kowsarinia, A."]
[Black "Babujian, L."]
[Result "0-1"]
[WhiteElo "1992"]
[BlackElo "2439"]
[PlyCount "76"]
[EventDate "2008.02.03"]
[EventType "swiss"]
[EventRounds "11"]
[EventCountry "IRI"]
[Source "Mark Crowther"]
[SourceDate "2008.02.18"]

1. d4 Nf6 2. c4 g6 3. Nc3 d5 4. cxd5 Nxd5 5. Na4 Bg7 6. e4 Nb6 7. Be3 O-O 8.
Nf3 Bg4 9. Be2 Nc6 10. d5 Nxa4 11. Qxa4 Bxb2 12. Rb1 Bc3+ 13. Nd2 Ne5 14. f3
Bc8 15. Qa3 Bxd2+ 16. Bxd2 c6 17. Qc3 f6 18. f4 Nf7 19. dxc6 bxc6 20. O-O Be6
21. Rbd1 Nd6 22. Qf3 Bxa2 23. f5 Rf7 24. Bh6 Kh8 25. Qh3 Qg8 26. fxg6 Qxg6 27.
Bd3 Bc4 28. Bxc4 Nxc4 29. Qe6 Rg8 30. g3 Nd6 31. e5 Ne4 32. Bf4 f5 33. Qc4 e6
34. Qxc6 h5 35. Rf3 h4 36. Kg2 Qh5 37. Rdf1 hxg3 38. hxg3 Rh7 0-1

[Event "16th FAJR Open"]
[Site "Urmia IRI"]
[Date "2008.02.06"]
[Round "7"]
[White "Grigoryan, Av"]
[Black "Ghaem Maghami, E."]
[Result "1/2-1/2"]
[WhiteElo "2509"]
[BlackElo "2589"]
[PlyCount "41"]
[EventDate "2008.02.03"]
[EventType "swiss"]
[EventRounds "11"]
[EventCountry "IRI"]
[Source "Mark Crowther"]
[SourceDate "2008.02.18"]

1. d4 Nf6 2. c4 e6 3. g3 Bb4+ 4. Bd2 Qe7 5. Bg2 O-O 6. Nf3 Bxd2+ 7. Qxd2 d6 8.
Nc3 e5 9. O-O Re8 10. e4 Bg4 11. d5 Bxf3 12. Bxf3 a5 13. Qc2 c6 14. dxc6 bxc6
15. c5 dxc5 16. Na4 Na6 17. Rac1 Rab8 18. Nxc5 Nxc5 19. Qxc5 Qxc5 20. Rxc5 Rxb2
21. Rxa5 1/2-1/2

[Event "16th FAJR Open"]
[Site "Urmia IRI"]
[Date "2008.02.06"]
[Round "7"]
[White "Magalashvili, Da"]
[Black "Moosavian, S."]
[Result "1/2-1/2"]
[WhiteElo "2449"]
[BlackElo "2349"]
[PlyCount "40"]
[EventDate "2008.02.03"]
[EventType "swiss"]
[EventRounds "11"]
[EventCountry "IRI"]
[Source "Mark Crowther"]
[SourceDate "2008.02.18"]

1. Nf3 f5 2. g3 Nf6 3. Bg2 e6 4. O-O Be7 5. c4 O-O 6. d4 d5 7. Qc2 c6 8. b3 b6
9. Ba3 Bxa3 10. Nxa3 Qd6 11. Qb2 Bb7 12. Rac1 Nbd7 13. Rfd1 Ne4 14. Nc2 f4 15.
Qa3 c5 16. Nce1 fxg3 17. hxg3 e5 18. dxc5 Ndxc5 19. b4 Nd7 20. cxd5 Nxf2
1/2-1/2

[Event "16th FAJR Open"]
[Site "Urmia IRI"]
[Date "2008.02.06"]
[Round "7"]
[White "Darban, M."]
[Black "Akbarinia, S."]
[Result "0-1"]
[WhiteElo "2401"]
[BlackElo "2300"]
[PlyCount "81"]
[EventDate "2008.02.03"]
[EventType "swiss"]
[EventRounds "11"]
[EventCountry "IRI"]
[Source "Mark Crowther"]
[SourceDate "2008.02.18"]

1. e4 d5 2. exd5 Qxd5 3. Nf3 Nf6 4. d4 Bg4 5. Be2 e6 6. h3 Bh5 7. O-O Be7 8. c4
Qd8 9. Qb3 Qc8 10. Be3 O-O 11. Nc3 Nbd7 12. Rfd1 a6 13. Bf4 Bd6 14. Ne5 Bxe2
15. Nxe2 Rd8 16. Qf3 Qb8 17. Nc3 c6 18. Bg3 Bc7 19. Qe3 h6 20. b3 Nxe5 21. dxe5
Nd7 22. Bf4 g5 23. Bg3 Nf8 24. h4 gxh4 25. Bxh4 Rxd1+ 26. Rxd1 Ng6 27. Bf6 Bxe5
28. Rd8+ Qxd8 29. Bxd8 Rxd8 30. Kf1 Kg7 31. g3 Bd4 32. Qd2 e5 33. Ne4 Rd7 34.
Nc5 Re7 35. Qb4 Bxc5 36. Qxc5 f5 37. Qd6 f4 38. Ke2 Rf7 39. gxf4 exf4 40. Kf3
h5 41. Qc5 0-1

[Event "16th FAJR Open"]
[Site "Urmia IRI"]
[Date "2008.02.06"]
[Round "7"]
[White "Khaghani, M."]
[Black "Mirumian, V."]
[Result "0-1"]
[WhiteElo "2270"]
[BlackElo "2525"]
[PlyCount "52"]
[EventDate "2008.02.03"]
[EventType "swiss"]
[EventRounds "11"]
[EventCountry "IRI"]
[Source "Mark Crowther"]
[SourceDate "2008.02.18"]

1. e4 c5 2. Nf3 e6 3. d4 cxd4 4. Nxd4 a6 5. Nc3 d6 6. Bc4 Nf6 7. Bb3 b5 8. O-O
Bb7 9. Re1 Nbd7 10. f4 Nc5 11. f5 e5 12. Nf3 Be7 13. Bd5 Bxd5 14. exd5 b4 15.
Ne2 Nce4 16. Ng3 Nxg3 17. hxg3 Qc8 18. Nh4 Qc5+ 19. Be3 Qxd5 20. Qe2 O-O 21.
Rad1 Qb5 22. Qf3 Rac8 23. Rd2 Rc4 24. b3 Rc3 25. g4 h6 26. Red1 d5 0-1

[Event "16th FAJR Open"]
[Site "Urmia IRI"]
[Date "2008.02.06"]
[Round "7"]
[White "Nasri, A."]
[Black "Shamsi, M."]
[Result "1-0"]
[WhiteElo "2348"]
[BlackElo "2145"]
[PlyCount "57"]
[EventDate "2008.02.03"]
[EventType "swiss"]
[EventRounds "11"]
[EventCountry "IRI"]
[Source "Mark Crowther"]
[SourceDate "2008.02.18"]

1. d4 Nf6 2. c4 c5 3. d5 b5 4. cxb5 a6 5. bxa6 Bxa6 6. Nc3 g6 7. g3 Bg7 8. Bg2
d6 9. Nf3 Nbd7 10. O-O O-O 11. Qc2 Qa5 12. Rd1 Rfb8 13. Bd2 Ng4 14. b3 c4 15.
h3 Nge5 16. Nd4 Nd3 17. Nc6 Nb4 18. Qc1 Nxc6 19. dxc6 Ne5 20. Nd5 Qb5 21. Nc7
Qb6 22. Nd5 Qb5 23. a4 Qxb3 24. c7 Rb7 25. Nxe7+ Kh8 26. c8=Q+ Rxc8 27. Nxc8
Rc7 28. Nxd6 c3 29. Rb1 1-0

[Event "16th FAJR Open"]
[Site "Urmia IRI"]
[Date "2008.02.06"]
[Round "7"]
[White "Bagaturov, G."]
[Black "Tarazooyeadl, M."]
[Result "1-0"]
[WhiteElo "2498"]
[BlackElo "2140"]
[PlyCount "63"]
[EventDate "2008.02.03"]
[EventType "swiss"]
[EventRounds "11"]
[EventCountry "IRI"]
[Source "Mark Crowther"]
[SourceDate "2008.02.18"]

1. d4 Nf6 2. Nf3 g6 3. c4 Bg7 4. g3 O-O 5. Bg2 d6 6. Nc3 Nbd7 7. O-O e5 8. e4
exd4 9. Nxd4 Re8 10. h3 a6 11. Be3 c5 12. Nde2 Ne5 13. b3 Rb8 14. f4 Nc6 15.
Qd2 Qe7 16. Bf2 Be6 17. Rad1 Red8 18. g4 b5 19. Nd5 Bxd5 20. cxd5 Na7 21. e5
Ne8 22. exd6 Nxd6 23. Bxc5 Qc7 24. Bd4 b4 25. Rc1 Qe7 26. Rfe1 a5 27. Bxg7 Kxg7
28. Nd4 Qd7 29. f5 Ndb5 30. f6+ Kh8 31. Qh6 Rg8 32. Re7 1-0